00481cam a22001457a 4500008004000000082001500040100001900055245007400074260003000148300001200178650002100190700001900211999001900230952008600249180718b1981 xxu||||| |||| 00| 0 eng d aABx54 F888 aFrench, Hal W. aReligious ferment in modern Indiacby Hal W. French and Arvind Sharma aNew DelhibHeritagec1981 ax, 185p aIndia -Religion. aSharma, Arvind c416243d416243 00104070aIIPAbIIPAd2009-03-13oABx54 F888p57681r2018-07-21w2018-07-21yBK